000 02276cam a22005294i 4500
003 PE-LiUPU
005 20250731184515.0
008 170313s r 000 0 spa d
020 _a1107111870
020 _a9781107111875
035 _a(Sirsi) a167239
040 _aPE-LiUPU
_bspa
_cPE-LiUPU
_erda
049 _aPRUA
082 0 4 _a943.03
_F84
_223
100 1 _aFriedeburg, Robert von,
_e author.
040 _aPE-LiUPU
245 1 0 _aLuther's legacy :
_bthe thirty years war and the modern notion of 'state' in the empire, 1530s to 1790s /
_c Robert von Friedeburg.
264 1 _aCambridge :
_b Cambridge University Press,
_c 2015.
300 _avi,441 páginas ;
_c24 centímetros
336 _atext
_2rdacontent
337 _aunmediated
_2rdamedia
338 _avolume
_2rdacarrier
504 _aBibliography : pages 388 - 433.
504 _aIndex : pages 434 - 441.
505 0 _aIntroducction -- Meinecke's riddle: 'reason of state' and reformation prudence -- Royal rights and princely dynasties in late medieval and early modern Germany, fourteenth to early seventeeth centuries -- Civil order and princely rigths, 1450s to 1580s: the making of the elements -- The challenge of 'reason of state', 1600s to 1650s -- The catastrophe of war and the partial collapse of relations between princes and vassals -- The re-establishing of compromise and the new use of the elements: seckendorff, pufendorf and the dissemination of the new concep of 'state' -- Readings of despotism: the attack on 'war-despotism' between bodin and montesquieu.
526 _aP136
526 _aP135
526 _aP134
526 _aP133
526 _aP144
526 _aP143
526 _aP87
526 _aP35
526 _aP20
526 _aP14
526 _aP10
526 _aP06
650 0 4 _aState, the
_history.
650 0 4 _aGermany
_xhistory.
650 0 4 _aGermany
_xhistoria.
910 _ajck
_bncf
_cncf
_d20170313
942 _2ddc
_cBOOK
994 _aC0
_bPEPRU
596 _a1
999 _a943.03 F84
_wDEWEY
_c15993
_i75376
_f2021-11-11
_g4
_lCCODEBUL1
_mBUL
_p93.00
_r0
_sY
_tBOOK
_u2017-3-13
_xTEOLOGIA
_PP35
_0COMPRA
_o.STAFF. Colección Teologia
_d15993
980 _81
_gALBERTO SANCHEZ Responsable de Automatización